000 00516nam a2200169 a 4500
001 000016985
005 20200929165010.0
008 100312s2002 dr a 000 0 spa d
040 _aDO-SdBNP
_bspa
_cBNPHU
082 _axxx
_bJ85f
100 1 _aJota, Víctor
_933720
245 1 0 _aFuerza interna cardio-kick boxing /
_cVíctor Jota.
260 _aSanto Domingo :
_b[s.f.],
_c2002.
300 _a161 p. :
_bil. ;
_c21 cm.
500 _aIncluye datos biográficos del autor en la solapa de la cubierta
049 _aBNPD
999 _c16513
_d16513